|
|
|
|
| LEADER |
01128nam a2200313 a 4500 |
| 001 |
28947 |
| 003 |
BD-DhAAL |
| 005 |
20150307155541.0 |
| 008 |
150307s2012 nyuab b 001 0 eng |
| 010 |
|
|
|a 2011052680
|
| 020 |
|
|
|a 9780871404138 (hardcover)
|
| 020 |
|
|
|a 9780871403636 pbk
|
| 040 |
|
|
|a DLC
|c DLC
|d DLC
|d BD-DhAAL
|
| 042 |
|
|
|a pcc
|
| 050 |
0 |
0 |
|a GN360
|b .W53 2012
|
| 082 |
0 |
0 |
|a 599.938
|2 23
|
| 100 |
1 |
|
|a Wilson, Edward O.
|9 9191
|
| 245 |
1 |
4 |
|a The social conquest of earth /
|c Edward O. Wilson.
|
| 250 |
|
|
|a 1st ed.
|
| 260 |
|
|
|a New York :
|b Liveright Pub. Corporation,
|c c2012.
|
| 300 |
|
|
|a viii, 330 p. :
|b ill., map ;
|c 25 cm.
|
| 504 |
|
|
|a Includes bibliographical references (p. [303]-326) and index.
|
| 541 |
|
|
|e 28947
|
| 650 |
|
0 |
|a Social evolution
|x Philosophy.
|9 9192
|
| 650 |
|
0 |
|a Human evolution
|x Philosophy.
|9 9193
|
| 650 |
|
0 |
|a Evolution (Biology)
|x Philosophy.
|9 9194
|
| 942 |
|
|
|2 ddc
|c BK
|
| 999 |
|
|
|c 33920
|d 33920
|
| 952 |
|
|
|0 0
|1 0
|2 ddc
|4 0
|6 599_938000000000000_SOC
|7 0
|9 52943
|a BRACUL
|b BRACUL
|c GEN
|d 2015-03-07
|e Karim International
|g 1610.00
|l 2
|o 599.938 SOC
|p 3010028947
|r 2017-07-13
|s 2017-06-20
|t 1
|w 2015-03-07
|y BK
|